000 00332nam a22001457a 4500
008 230703b ||||| |||| 00| 0 eng d
020 _a9780393265156
041 _aeng
080 _2SECOND EDITION
_a159.9
082 _a159.9GRI
100 _a25
101 _aPSI
245 _aPSYCHOLOGY IN YOUR LIFE
_cGRISON
942 _2udc
_cBK
999 _c60085
_d60085